000 00305nam a22001337a 4500
008 170616b xxu||||| |||| 00| 0 eng d
020 _a2901555876011
041 _aeng
080 _a32
100 _a20
101 _aSHP
245 _aRESOLVING INTERNATIONAL CONFLICTS
_cBERCOVITCH, J
942 _2udc
_cBK
999 _c17756
_d17756